000 00617cam a22002053a 4500
001 43536
003 PGUSA
005 20140828084006.0
008 130822s2013||||xxu|||||s|||||000 | eng d
040 _aPGUSA
_beng
042 _adc
100 1 _aCurtis, Herbert Pelham
245 1 0 _aNone so Deaf as Those Who Won't Hear :
_bA Comedietta in one Act
_h[electronic resource] /
_cHerbert Pelham Curtis
260 _bProject Gutenberg,
_c2013
506 _aPublic domain in the USA.
516 _aElectronic text
830 0 _aProject Gutenberg
_v43536
856 4 0 _uhttp://www.gutenberg.org/ebooks/43536
942 _cEB
999 _c272787
_d272787